000 00763nam a2200205 a 4500
003 0
005 20250510114541.0
008 021107s19uu xx 00 eng d
050 _aPGS LB 3013.3
_b.Ab136 2002
100 _aAbdullah, Saliha Naila A.
245 2 _aA study on Southville International School students who comes to school late /
_cAbdullah, Saliha Naila A.
260 _aLas PiƱas City, Philippines :
_bSouthville International School and Colleges,
_c2002.
300 _aUnpaged :
_billustrations ;
_c28 cm.
504 _aIncludes bibliographical references.
650 _aTardiness
_vStudents.
650 _aSchool attendance.
650 _aPunctuality
_vStudents.
650 _aElementary school students
_vConduct of life.
942 _2lcc
_cPASS
999 _c96594
_d96594